| 000 | 01196nam0a2200325 4500 | ||
|---|---|---|---|
| 001 | RU\NLR\bibl\84049 | ||
| 005 | 20260409070524.0 | ||
| 010 |
_a5-89209-477-4 _9300 |
||
| 021 |
_aRU _b1999-47189 _92330 |
||
| 035 | _a(NLR Aleph) 000082088 | ||
| 090 |
_a457444 _c457444 |
||
| 100 | _a20000504d1999 k y0rusy50 ca | ||
| 101 | 0 | _arus | |
| 102 | _aRU | ||
| 105 | _ay ||||||||| | ||
| 200 | 1 |
_aГиперкомплексные преобразования Лоренца, эфир и остальная физика _fА.Л. Смолин |
|
| 210 |
_aМ. _cДиалог-МГУ _d1999 |
||
| 215 |
_a105 с. _d20 |
||
| 320 | _aБиблиогр.: с.87-104 | ||
| 606 | 0 |
_aЛоренца преобразования _92087624 _3RU\NLR\auth\661263794 |
|
| 606 |
_aЭфир (физ.) _3RU\NLR\auth\66324614 _9895388 |
||
| 606 |
_aПреобразования (мат.) Лоренца _3RU\NLR\auth\66686124 _91566924 |
||
| 686 | _aВ31в | ||
| 700 | 1 |
_aСмолин _bА. Л. _gАлександр Львович _4070 |
|
| 801 | 0 |
_aRU _bNLR _c20000504 _gPSBO |
|
| 801 | 1 |
_aRU _bNLR _c20000504 |
|
| 852 |
_aNLR _j2000-3/2322 |
||
| 942 | _cBOOK | ||
| 980 | _aNB | ||